| 000 | 00584 a2200217 4500 | ||
|---|---|---|---|
| 001 | sjds | ||
| 003 | sjds | ||
| 005 | 20240519165101.0 | ||
| 008 | 240519b |||||||| |||| 00| 0 spa d | ||
| 020 | _a0395630592 | ||
| 020 | _a9780395630594 | ||
| 040 | _csjds | ||
| 041 | _aspa | ||
| 100 | 1 | _aRobleda, Margarita | |
| 245 |
_aUna cola especial / _cMargarita Robleda, Maribel Suarez |
||
| 260 |
_aBoston, _bHoughton Mifflin, _c1993, c1990. |
||
| 300 |
_a23 pages : _bcolor illustrations ; _c23 cm |
||
| 440 | _a Celebremos la literatura | ||
| 700 | 1 | _aSuarez, Maribel | |
| 942 | _cBK | ||
| 999 |
_c29579 _d29577 |
||